[Event "31.Alpenpokal Oberstdorf op"]
[Site "Tiefenbach (13.01.-21.01)"]
[Date "2005.01.14"]
[Round "2.5"]
[White "Hiller, Joachim[42Deidesh]"]
[Black "Wahl, Frithjof,Dr."]
[Result "0-1"]
[WhiteElo "1838"]
[BlackElo "1992"]
[PlyCount "101"]
[EventDate "2005.01.??"]
[Source "ChessOrg"]
[SourceDate "2005.02.28"]

1. d4 g6 2. e4 Bg7 3. Nf3 d6 4. h3 c5 5. Bb5+ Bd7 6. Bxd7+ Nxd7 7. O-O cxd4 8.
Nxd4 Ngf6 9. Nc3 O-O 10. Qe2 a6 11. Be3 Rc8 12. Nb3 Qc7 13. Rac1 b5 14. a3 Nb6
15. Nd2 Nfd7 16. Nd1 Nc4 17. Nxc4 Qxc4 18. Qxc4 Rxc4 19. f3 Rfc8 20. c3 R4c6
21. Bg5 Kf8 22. Ne3 e6 23. Rcd1 Ne5 24. f4 Nc4 25. Nxc4 bxc4 26. f5 exf5 27.
exf5 gxf5 28. Rxf5 Re8 29. Rdf1 Rc7 30. Ra5 Re5 31. Bf4 Rxa5 32. Bxd6+ Re7 33.
Rf4 Rd5 34. Bb4 a5 35. Bxe7+ Kxe7 36. Rxc4 Rd1+ 37. Kf2 Rd2+ 38. Kf3 Rxb2 39.
Rc5 Rb3 40. Rxa5 Bxc3 41. Ra7+ Kf6 42. Ke4 Be1 43. Ra6+ Kg7 44. a4 Rg3 45. h4
Rxg2 46. h5 Rh2 47. Rb6 Rxh5 48. Rb1 Ba5 49. Rg1+ Kf6 50. Rf1+ Ke6 51. Kd3 0-1

[Event "31.Alpenpokal Oberstdorf op"]
[Site "Tiefenbach (13.01.-21.01)"]
[Date "2005.01.14"]
[Round "2.6"]
[White "Boeven, Manfred"]
[Black "Fehres, Werner"]
[Result "1-0"]
[WhiteElo "1993"]
[BlackElo "1705"]
[PlyCount "37"]
[EventDate "2005.01.??"]
[Source "ChessOrg"]
[SourceDate "2005.02.28"]

1. d4 f5 2. Nc3 Nf6 3. f3 d5 4. Bg5 c6 5. e4 Be6 6. exf5 Bxf5 7. Bd3 Bxd3 8.
Qxd3 Na6 9. Nge2 Qd7 10. O-O-O O-O-O 11. Rhe1 Ne8 12. Bh4 Nd6 13. Nf4 Nb4 14.
Qe2 Re8 15. Ne6 Ne4 16. Nxf8 Qf5 17. fxe4 Qf4+ 18. Kb1 Qxh4 19. Ne6 1-0

[Event "31.Alpenpokal Oberstdorf op"]
[Site "Tiefenbach (13.01.-21.01)"]
[Date "2005.01.14"]
[Round "2.7"]
[White "Moehring, Norbert"]
[Black "Josting, Friedel"]
[Result "0-1"]
[WhiteElo "1954"]
[BlackElo "1869"]
[PlyCount "60"]
[EventDate "2005.01.??"]
[Source "ChessOrg"]
[SourceDate "2005.02.28"]

1. b4 b6 2. e3 Bb7 3. Bb2 e6 4. Nf3 Nf6 5. b5 d5 6. c4 Be7 7. cxd5 Bxd5 8. Nc3
Bb7 9. Bc4 O-O 10. O-O c5 11. Qe2 Nbd7 12. Rac1 Qc7 13. Rfd1 Bd6 14. d4 Rac8
15. Na4 Qb8 16. dxc5 bxc5 17. Nc3 Bxf3 18. Qxf3 Ne5 19. Qe2 Nxc4 20. Qxc4 Bxh2+
21. Kf1 Be5 22. a4 Bxc3 23. Bxc3 Nd5 24. Ba1 Qh2 25. Ke2 Qh5+ 26. g4 Qg6 27.
Rh1 f5 28. Rhg1 f4 29. e4 f3+ 30. Ke1 Rf4 0-1

[Event "31.Alpenpokal Oberstdorf op"]
[Site "Tiefenbach (13.01.-21.01)"]
[Date "2005.01.14"]
[Round "2.8"]
[White "Erhart, Uwe"]
[Black "Winter, Rudolf[29G.Gerau]"]
[Result "1/2-1/2"]
[WhiteElo "1988"]
[BlackElo "1654"]
[PlyCount "122"]
[EventDate "2005.01.??"]
[Source "ChessOrg"]
[SourceDate "2005.02.28"]

1. e4 e5 2. Nf3 Nc6 3. Bb5 a6 4. Ba4 Nf6 5. O-O Be7 6. Re1 b5 7. Bb3 O-O 8. c3
d6 9. h3 Nb8 10. d4 Nbd7 11. Bg5 c5 12. Nbd2 c4 13. Bc2 Qc7 14. Nf1 h6 15. Bh4
Re8 16. Ne3 Nb6 17. Qd2 Nh5 18. Rad1 Nf4 19. Bg3 g5 20. Nf5 Bxf5 21. exf5 Bf6
22. Nh2 Qb7 23. Bxf4 exf4 24. Ng4 Kg7 25. Re2 Qd7 26. Rde1 Rxe2 27. Qxe2 Qd8
28. Qf3 d5 29. Nxf6 Qxf6 30. g3 fxg3 31. fxg3 Ra7 32. Re5 Rd7 33. Qe3 Nc8 34.
Bd1 Ne7 35. g4 Nc6 36. Re8 Re7 37. Rxe7 Qxe7 38. Qf2 f6 39. Bf3 Qd6 40. Kg2 b4
41. Qe3 bxc3 42. bxc3 Qe7 43. Qd2 Qd6 44. Qb2 Ne7 45. Qb7 Kf7 46. a4 Qf4 47.
Bxd5+ Kf8 48. Bxc4 Qd2+ 49. Kf1 Qc1+ 50. Kf2 Qd2+ 51. Be2 Qxc3 52. Qe4 Nc6 53.
Qd3 Qxd4+ 54. Qxd4 Nxd4 55. Bxa6 Nb3 56. Ke3 Ke7 57. Bb5 Kd6 58. Kd3 Kc5 59.
Kc3 Na5 60. Be2 Nb7 61. Bf3 Na5 1/2-1/2

[Event "31.Alpenpokal Oberstdorf op"]
[Site "Tiefenbach (13.01.-21.01)"]
[Date "2005.01.14"]
[Round "2.9"]
[White "Heissenbuettel, Hans-Erich"]
[Black "Koops, Randolf"]
[Result "0-1"]
[WhiteElo "1879"]
[BlackElo "2122"]
[PlyCount "100"]
[EventDate "2005.01.??"]
[Source "ChessOrg"]
[SourceDate "2005.02.28"]

1. c4 Nc6 2. Nc3 e5 3. g3 Nf6 4. Bg2 Bc5 5. Nf3 d6 6. d3 h6 7. O-O a6 8. a3 O-O
9. e3 Bg4 10. Qc2 a5 11. h3 Be6 12. Ne1 Qc8 13. Kh2 Ne7 14. Rb1 c6 15. b4 axb4
16. axb4 Ba7 17. Bb2 Ne8 18. b5 f5 19. Ba3 Bb8 20. Qb2 f4 21. e4 g5 22. g4 Nf6
23. f3 h5 24. Kg1 hxg4 25. hxg4 Kg7 26. b6 Nd7 27. Qb3 Nxb6 28. Kf2 Rh8 29. Ke2
Nd7 30. Qb2 Ra6 31. Ra1 Bc7 32. Nd1 Qa8 33. Nf2 Qa7 34. Rh1 Qe3+ 35. Kf1 Bb6
36. Ra2 Rxh1+ 37. Bxh1 Bd4 38. Qc2 Qxf2+ 39. Qxf2 Bxf2 40. Kxf2 d5 41. Ra1 dxc4
42. dxc4 Bxc4 43. Nc2 c5 44. Bb2 Rxa1 45. Bxa1 Nc6 46. Bg2 Kf6 47. Bc3 Ke6 48.
Na3 Ba6 49. Bf1 Bxf1 50. Kxf1 Nd4 0-1

[Event "31.Alpenpokal Oberstdorf op"]
[Site "Tiefenbach (13.01.-21.01)"]
[Date "2005.01.14"]
[Round "2.11"]
[White "Wunderer, Eckart"]
[Black "Emser, Heinrich"]
[Result "1/2-1/2"]
[WhiteElo "1974"]
[BlackElo "1685"]
[PlyCount "45"]
[EventDate "2005.01.??"]
[Source "ChessOrg"]
[SourceDate "2005.02.28"]

1. d4 Nf6 2. Nf3 g6 3. Nc3 d5 4. Bg5 Ne4 5. Qd3 Nxg5 6. Nxg5 e5 7. Qg3 f6 8.
Nf3 e4 9. Nd2 Bd6 10. Qh4 c6 11. e3 Be6 12. f3 g5 13. Qh5+ Bf7 14. Qh3 exf3 15.
gxf3 Nd7 16. Bd3 Qe7 17. O-O-O O-O-O 18. Rde1 Kb8 19. Kb1 Bb4 20. Qg3+ Ka8 21.
Nb3 Bxc3 22. bxc3 c5 23. e4 1/2-1/2

[Event "31.Alpenpokal Oberstdorf op"]
[Site "Tiefenbach (13.01.-21.01)"]
[Date "2005.01.14"]
[Round "2.12"]
[White "Poell, Guenter"]
[Black "Maugg, Ludwig"]
[Result "1/2-1/2"]
[WhiteElo "1815"]
[BlackElo "1942"]
[PlyCount "32"]
[EventDate "2005.01.??"]
[Source "ChessOrg"]
[SourceDate "2005.02.28"]

1. f4 Nf6 2. Nf3 g6 3. e3 Bg7 4. Be2 d6 5. d4 b6 6. O-O O-O 7. c3 c5 8. h3 Bb7
9. Nh2 Nbd7 10. Bf3 Bxf3 11. Qxf3 Qc7 12. Nd2 d5 13. Ng4 Nxg4 14. hxg4 e6 15.
Qh3 Rfe8 16. g5 f6 1/2-1/2

[Event "31.Alpenpokal Oberstdorf op"]
[Site "Tiefenbach (13.01.-21.01)"]
[Date "2005.01.14"]
[Round "2.13"]
[White "Poffers, Rieke"]
[Black "Froehlich, Rainer[37Sonth]"]
[Result "1/2-1/2"]
[WhiteElo "1799"]
[BlackElo "1964"]
[PlyCount "51"]
[EventDate "2005.01.??"]
[Source "ChessOrg"]
[SourceDate "2005.02.28"]

1. d4 Nf6 2. c4 e5 3. dxe5 Ng4 4. Bf4 Bb4+ 5. Nd2 Nc6 6. Ngf3 Qe7 7. e3 a5 8.
Be2 Ngxe5 9. Nxe5 Nxe5 10. O-O d6 11. Nb3 O-O 12. a3 Bc5 13. Nxc5 dxc5 14. Qc2
Ra6 15. Rfd1 Ng6 16. Bg3 f5 17. Bd3 h5 18. h3 Qg5 19. Kh1 f4 20. exf4 Nxf4 21.
Bxf4 Qxf4 22. Rd2 Raf6 23. Re1 Qh4 24. Re4 Rf4 25. Rxf4 Qxf4 26. Bg6 1/2-1/2

[Event "31.Alpenpokal Oberstdorf op"]
[Site "Tiefenbach (13.01.-21.01)"]
[Date "2005.01.14"]
[Round "2.14"]
[White "Emde, Rainer"]
[Black "Luebbers, Doris,Dr."]
[Result "1-0"]
[WhiteElo "1995"]
[BlackElo "1395"]
[PlyCount "71"]
[EventDate "2005.01.??"]
[Source "ChessOrg"]
[SourceDate "2005.02.28"]

1. d4 d5 2. Nf3 Nf6 3. c4 e6 4. e3 Be7 5. b3 b6 6. Bb2 Bb7 7. Bd3 O-O 8. O-O
Nbd7 9. Nbd2 c5 10. Rc1 cxd4 11. exd4 Rc8 12. Qe2 Re8 13. Ne5 Nf8 14. f4 Bd6
15. f5 Qe7 16. Rcd1 Bc6 17. cxd5 Bxd5 18. Ndc4 h6 19. Kh1 N8h7 20. fxe6 Bxe6
21. Nxd6 Qxd6 22. Qf2 Qe7 23. Bb5 Red8 24. Nc6 Rxc6 25. Bxc6 Nd5 26. Bxd5 Bxd5
27. Rfe1 Qd7 28. Ba3 Be6 29. Qf4 Nf6 30. Bc1 Bg4 31. Rd3 Bf5 32. Rf3 Bg6 33.
Kg1 Nd5 34. Qe5 Nf6 35. Bxh6 Ng4 36. Qxg7# 1-0

[Event "31.Alpenpokal Oberstdorf op"]
[Site "Tiefenbach (13.01.-21.01)"]
[Date "2005.01.14"]
[Round "2.15"]
[White "Heyse, Juergen"]
[Black "Klempt, Guenter"]
[Result "0-1"]
[WhiteElo "1553"]
[BlackElo "1936"]
[PlyCount "54"]
[EventDate "2005.01.??"]
[Source "ChessOrg"]
[SourceDate "2005.02.28"]

1. d4 Nf6 2. Nf3 g6 3. e3 Bg7 4. Be2 O-O 5. O-O d6 6. b3 c5 7. Bb2 b6 8. c4 Na6
9. Nc3 Nc7 10. Qc2 cxd4 11. exd4 Bf5 12. Qd2 a6 13. a4 Rb8 14. Rfd1 Bd7 15. Bd3
b5 16. axb5 axb5 17. Ne4 bxc4 18. Nxf6+ Bxf6 19. bxc4 Bg4 20. Be2 Ne6 21. Bc3
Qc7 22. h3 Bxf3 23. Bxf3 Qxc4 24. Be2 Qb3 25. g3 Ng5 26. Re1 Ne4 27. Qc1 Nxc3
0-1

[Event "31.Alpenpokal Oberstdorf op"]
[Site "Tiefenbach (13.01.-21.01)"]
[Date "2005.01.14"]
[Round "2.16"]
[White "Marek, Herbert"]
[Black "Rueggeberg, Wilhelm"]
[Result "1-0"]
[WhiteElo "1701"]
[BlackElo "1805"]
[PlyCount "55"]
[EventDate "2005.01.??"]
[Source "ChessOrg"]
[SourceDate "2005.02.28"]

1. d4 Nf6 2. c4 e6 3. Nc3 d5 4. e3 Nbd7 5. Bd3 Bb4 6. Nf3 dxc4 7. Bxc4 c6 8.
O-O O-O 9. a3 Be7 10. b4 Qc7 11. e4 e5 12. Bg5 exd4 13. Nxd4 Nb6 14. Ba2 Bg4
15. f3 Bh5 16. Nf5 Rad8 17. Qc1 Bg6 18. Bf4 Bd6 $4 19. Nxd6 Rxd6 20. Nb5 Qd7
21. Nxd6 Nc8 22. Rd1 Nxd6 23. Rxd6 Qc8 24. Qd2 c5 25. Rd1 h6 26. Rd8 Qc6 27.
Rxf8+ Kxf8 28. Qd6+ 1-0

[Event "31.Alpenpokal Oberstdorf op"]
[Site "Tiefenbach (13.01.-21.01)"]
[Date "2005.01.14"]
[Round "2.17"]
[White "Schwichtenberg, Juergen"]
[Black "Frankenberger, Ralf"]
[Result "0-1"]
[WhiteElo "1639"]
[BlackElo "1848"]
[PlyCount "88"]
[EventDate "2005.01.??"]
[Source "ChessOrg"]
[SourceDate "2005.02.28"]

1. b4 d5 2. e3 Bf5 3. Bb2 e6 4. b5 Nf6 5. Nf3 Bd6 6. Be2 Nbd7 7. d4 h6 8. O-O
O-O 9. Nbd2 c6 10. a4 Rc8 11. c4 Bb8 12. Rc1 Qe7 13. Qb3 Rfe8 14. cxd5 cxd5 15.
Rxc8 Rxc8 16. Rc1 Rxc1+ 17. Bxc1 Qd6 18. g3 Qc7 19. Bb2 Ne4 20. Bd3 Ndf6 21.
Kg2 g5 22. Bxe4 Nxe4 23. Kg1 g4 24. Nxe4 Bxe4 25. Nd2 Qc2 26. Qxc2 Bxc2 27. a5
Bd6 28. Bc3 b6 29. f3 gxf3 30. Kf2 Bd3 31. Kxf3 Bxb5 32. e4 dxe4+ 33. Kxe4 Bc6+
34. Ke3 Bd5 35. axb6 axb6 36. Ne4 Bxe4 37. Kxe4 f5+ 38. Kf3 Kf7 39. h4 h5 40.
Bb2 Ke7 41. Bc3 Kd7 42. Bd2 b5 43. Bc1 Kc6 44. Bb2 Kd5 0-1

[Event "31.Alpenpokal Oberstdorf op"]
[Site "Tiefenbach (13.01.-21.01)"]
[Date "2005.01.14"]
[Round "2.18"]
[White "Schulz, Hermann[35Ülzen]"]
[Black "Kleifges, Matthias,Dr."]
[Result "0-1"]
[WhiteElo "1565"]
[BlackElo "2019"]
[PlyCount "36"]
[EventDate "2005.01.??"]
[Source "ChessOrg"]
[SourceDate "2005.02.28"]

1. e4 e6 2. d4 d5 3. exd5 exd5 4. Nf3 Bd6 5. Bd3 Nf6 6. O-O O-O 7. Bg5 Bg4 8.
Nbd2 Nbd7 9. Re1 c5 10. c3 Qc7 11. Nf1 c4 12. Bc2 Rfe8 13. Rxe8+ Rxe8 14. h3
Bh5 15. Bxf6 Nxf6 16. N1d2 Bf4 17. Qf1 Bxd2 18. Nxd2 Qf4 0-1

[Event "31.Alpenpokal Oberstdorf op"]
[Site "Tiefenbach (13.01.-21.01)"]
[Date "2005.01.14"]
[Round "2.19"]
[White "Johne, Siegfried"]
[Black "Bruestle, Wilfried"]
[Result "1/2-1/2"]
[WhiteElo "1843"]
[BlackElo "1614"]
[PlyCount "74"]
[EventDate "2005.01.??"]
[Source "ChessOrg"]
[SourceDate "2005.02.28"]

1. e4 e6 2. d4 d5 3. Nc3 c6 4. Bd3 Ne7 5. f4 dxe4 6. Bxe4 Nd5 7. Nf3 Be7 8. O-O
Na6 9. Ne2 Nac7 10. c4 Nf6 11. Bc2 g6 12. Nc3 O-O 13. Ne5 Nce8 14. Be3 Ng7 15.
g4 Qc7 16. Qf3 Nd7 17. Rad1 f6 18. Nxd7 Bxd7 19. Rd2 Bb4 20. Rg2 Bxc3 21. bxc3
Qa5 22. Bc1 Rad8 23. h4 f5 24. gxf5 exf5 25. Bb3 Kh8 26. Re1 Rde8 27. Re5 Qd8
28. Qf2 Nh5 29. Qe1 Nf6 30. Ba3 Rf7 31. Rge2 Rxe5 32. fxe5 Ne4 33. d5 Rg7 34.
Bc2 cxd5 35. cxd5 Qa5 36. Bb4 Qxd5 37. Bxe4 fxe4 1/2-1/2

[Event "31.Alpenpokal Oberstdorf op"]
[Site "Tiefenbach (13.01.-21.01)"]
[Date "2005.01.14"]
[Round "2.20"]
[White "Poffers, Gerrit"]
[Black "Gerhards, Walter"]
[Result "1/2-1/2"]
[WhiteElo "1443"]
[BlackElo "1805"]
[PlyCount "109"]
[EventDate "2005.01.??"]
[Source "ChessOrg"]
[SourceDate "2005.02.28"]

1. g3 c5 2. Bg2 Nc6 3. Nf3 g6 4. O-O Bg7 5. d3 Nf6 6. e4 d6 7. c3 O-O 8. h3 Bd7
9. Be3 Rc8 10. Nbd2 Ne8 11. Ne1 f5 12. f4 Kh8 13. Nef3 Nf6 14. Bf2 Qc7 15. Re1
Rce8 16. Qc2 b6 17. Rac1 e5 18. fxe5 dxe5 19. b4 cxb4 20. cxb4 Qb8 21. a3 fxe4
22. dxe4 Nh5 23. Nf1 Rc8 24. Qe2 Ne7 25. Kh2 Ng8 26. Red1 Ba4 27. Rxc8 Qxc8 28.
Rd2 Rf7 29. Be3 Rc7 30. Ne1 a6 31. Bxb6 Rc3 32. Qg4 Qb7 33. Bc5 Nhf6 34. Qe6
Bb3 35. Qb6 Qf7 36. Rf2 Bc4 37. Qd8 h5 38. Kg1 Kh7 39. Qd2 Rxa3 40. Qb2 Ra2 41.
Qxe5 Rxf2 42. Bxf2 Qb7 43. Qc5 Bxf1 44. Kxf1 Nxe4 45. Bxe4 Qxe4 46. Kg1 Ne7 47.
b5 axb5 48. Qxb5 Nd5 49. Qd3 Qe6 50. Kg2 Nc3 51. Qe3 Qa2 52. Kg1 Nd1 53. Qf3
Nxf2 54. Qxf2 Qa1 55. Kg2 1/2-1/2

[Event "31.Alpenpokal Oberstdorf op"]
[Site "Tiefenbach (13.01.-21.01)"]
[Date "2005.01.14"]
[Round "2.22"]
[White "Sakowski, Christian"]
[Black "Meyer, Thomas[52Tübing]"]
[Result "1/2-1/2"]
[WhiteElo "1771"]
[BlackElo "1604"]
[PlyCount "109"]
[EventDate "2005.01.??"]
[Source "ChessOrg"]
[SourceDate "2005.02.28"]

1. d4 Nf6 2. Nf3 d5 3. c4 c6 4. Nc3 e6 5. e3 Be7 6. Bd3 dxc4 7. Bxc4 b5 8. Bd3
a6 9. O-O Bb7 10. e4 O-O 11. e5 Nd5 12. Nxd5 cxd5 13. Be3 Nd7 14. Rc1 Rc8 15.
Qd2 Re8 16. Rxc8 Bxc8 17. Rc1 Nf8 18. Rc2 Bd7 19. Qc1 Qb8 20. Bd2 Rc8 21. Ba5
Rxc2 22. Qxc2 Qb7 23. b4 Qc6 24. a3 Qxc2 25. Bxc2 Bc6 26. Nd2 Nd7 27. f4 f6 28.
Nb3 f5 29. Bd1 g6 30. Nc5 Nxc5 31. bxc5 Kf7 32. g3 Ke8 33. Kf2 Bd8 34. Be1 h5
35. h3 Kf7 36. Ke3 Ke8 37. g4 hxg4 38. hxg4 Kf7 39. gxf5 gxf5 40. Be2 a5 41.
Kf3 Kg7 42. Kg3 Kf7 43. Kh3 Kg6 44. Bd1 Bd7 45. Bh4 Bxh4 46. Kxh4 Kf7 47. Kg3
Ke7 48. Kf2 Bc6 49. Ke3 Kd7 50. Kd2 Kc7 51. Kc3 Bd7 52. Kb3 Bc6 53. a4 b4 54.
Be2 Kb7 55. Bh5 1/2-1/2

[Event "31.Alpenpokal Oberstdorf op"]
[Site "Tiefenbach (13.01.-21.01)"]
[Date "2005.01.14"]
[Round "2.23"]
[White "Miessner, Rolf"]
[Black "Borries, Barbara"]
[Result "0-1"]
[WhiteElo "1554"]
[BlackElo "1798"]
[PlyCount "84"]
[EventDate "2005.01.??"]
[Source "ChessOrg"]
[SourceDate "2005.02.28"]

1. e4 e6 2. d4 d5 3. Nd2 Nf6 4. e5 Nfd7 5. Bd3 c5 6. c3 cxd4 7. cxd4 Nc6 8. Ne2
Qb6 9. Nf3 Be7 10. O-O Nf8 11. a3 Ng6 12. b4 Bd7 13. Bb2 O-O 14. Rc1 Rac8 15.
Rc2 Nb8 16. Rxc8 Rxc8 17. Qb1 Bb5 18. Rc1 Rxc1+ 19. Nxc1 Bxd3 20. Nxd3 Qc6 21.
Qc1 h6 22. g3 b6 23. Nfe1 Qc4 24. Qc3 Nd7 25. f4 f5 26. Nc2 Kf8 27. Ne3 Qxc3
28. Bxc3 h5 29. h4 Nh8 30. a4 a6 31. a5 b5 32. Nc2 Ke8 33. Nc5 Bxc5 34. bxc5
Kd8 35. Nb4 Nb8 36. Kf2 Kc7 37. Ke2 Nf7 38. Kd3 Nd8 39. Nc2 Ndc6 40. Bb4 Nd8
41. Kc3 Nbc6 42. Ba3 Nxa5 0-1

[Event "31.Alpenpokal Oberstdorf op"]
[Site "Tiefenbach (13.01.-21.01)"]
[Date "2005.01.14"]
[Round "2.24"]
[White "Krawinkel, Hans-Werner"]
[Black "Ludwig, Ines"]
[Result "0-1"]
[WhiteElo "1676"]
[BlackElo "1521"]
[PlyCount "119"]
[EventDate "2005.01.??"]
[Source "ChessOrg"]
[SourceDate "2005.02.28"]

1. c4 e6 2. g3 d5 3. cxd5 exd5 4. Bg2 f5 5. e3 c6 6. Ne2 Bd6 7. Nbc3 Nf6 8. d3
Qe7 9. O-O O-O 10. a3 Nbd7 11. h3 Ne5 12. f4 Ng6 13. Kh2 Be6 14. Nd4 Bd7 15.
Re1 Rae8 16. Bd2 Qf7 17. b4 c5 18. Ndb5 Bb8 19. bxc5 Ne7 20. Nd4 Nc6 21. Nf3
Qe7 22. d4 Ne4 23. Nxd5 Qf7 24. Nc3 Qg6 25. Nxe4 fxe4 26. Ne5 Nxe5 27. dxe5 Bc6
28. Qb3+ Kh8 29. Bc3 Rd8 30. Bd4 Bc7 31. Qb2 Rf7 32. a4 Ba5 33. Red1 Rfd7 34.
Bf1 a6 35. Bc4 h6 36. e6 Re7 37. Bxg7+ Qxg7 38. Qxg7+ Kxg7 39. Rxd8 Bxd8 40. g4
Kf6 41. Kg2 Ba5 42. f5 Bb4 43. h4 Bxc5 44. Kf2 Bd6 45. Bb3 Ke5 46. Rd1 Bb4 47.
Rd8 Rg7 48. Bd1 Be7 49. Rh8 Bxh4+ 50. Kg2 Bg5 51. Kf2 Rc7 52. Rg8 Bd5 53. Rg6
Rc3 54. Rg7 Bxe3+ 55. Kg2 Bg5 56. e7 Rc8 57. Rg6 e3+ 58. Kf1 Re8 59. Rxg5 hxg5
60. Ke2 0-1

[Event "31.Alpenpokal Oberstdorf op"]
[Site "Tiefenbach (13.01.-21.01)"]
[Date "2005.01.14"]
[Round "2.25"]
[White "Mueller, Dieter[45Halle]"]
[Black "Thonig, Manfred"]
[Result "0-1"]
[WhiteElo "1451"]
[BlackElo "1555"]
[PlyCount "82"]
[EventDate "2005.01.??"]
[Source "ChessOrg"]
[SourceDate "2005.02.28"]

1. Nf3 f5 2. b3 e6 3. Bb2 Nf6 4. c4 b6 5. g3 Bb7 6. Bg2 Be7 7. Nc3 O-O 8. O-O
Qe8 9. Qc2 a6 10. Rad1 Qh5 11. h3 Nc6 12. d4 Rad8 13. a3 d5 14. cxd5 Nxd5 15.
Nxd5 exd5 16. b4 Bd6 17. Bc1 f4 18. g4 Qh6 19. Rfe1 Ne7 20. e3 Rd7 21. h4 g6
22. Qe2 c6 23. Bh3 Rc7 24. Kg2 Bc8 25. Rh1 Qg7 26. Rdg1 Kh8 27. e4 dxe4 28.
Qxe4 Nd5 29. Qd3 b5 30. Kf1 Re7 31. h5 g5 32. Kg2 Nf6 33. Ne5 Bxe5 34. dxe5
Rxe5 35. Bb2 Rd5 36. Qb1 Kg8 37. Kh2 Qc7 38. f3 Rd2+ 39. Rg2 Rxg2+ 40. Bxg2
Nxg4+ 41. Kg1 (41. fxg4 f3+ 42. Kh3 Bxg4+ 43. Kxg4 Qf4+ 44. Kh3 Qh4#) 41...
Qb6+ 0-1

[Event "31.Alpenpokal Oberstdorf op"]
[Site "Tiefenbach (13.01.-21.01)"]
[Date "2005.01.14"]
[Round "2.26"]
[White "Wahl, Hedi"]
[Black "Seyfarth, Rudolf"]
[Result "0-1"]
[WhiteElo "1364"]
[BlackElo "1807"]
[PlyCount "68"]
[EventDate "2005.01.??"]
[Source "ChessOrg"]
[SourceDate "2005.02.28"]

1. e4 c5 2. c3 Nc6 3. Nf3 d6 4. d4 cxd4 5. cxd4 e6 6. Nc3 Nf6 7. Bb5 a6 8. Ba4
b5 9. Bc2 Bb7 10. a3 Be7 11. O-O Qc7 12. h3 b4 13. axb4 Nxb4 14. Ba4+ Bc6 15.
e5 Nd7 16. Bf4 O-O 17. Rc1 dxe5 18. Bxe5 Qb7 19. Bxc6 Nxc6 20. Rb1 Rfd8 21. Qe2
Nf8 22. Rfd1 Ng6 23. Qe4 Rd7 24. Rd2 Ncxe5 25. Qxb7 Rxb7 26. dxe5 Bb4 27. Rbd1
Ba5 28. Re2 Rab8 29. Ne4 Rb4 30. Rd4 Rxd4 31. Nxd4 Rb4 32. Nc6 Ra4 33. g3 Bc7
34. f4 Rc4 0-1

[Event "31.Alpenpokal Oberstdorf op"]
[Site "Tiefenbach (13.01.-21.01)"]
[Date "2005.01.14"]
[Round "2.27"]
[White "Tauscher, Max"]
[Black "Poppitz, Joachim"]
[Result "1-0"]
[WhiteElo "1671"]
[BlackElo "1369"]
[PlyCount "51"]
[EventDate "2005.01.??"]
[Source "ChessOrg"]
[SourceDate "2005.02.28"]

1. e4 c5 2. Nf3 Nc6 3. Bc4 e6 4. d4 cxd4 5. Nxd4 a6 6. a3 Be7 7. Nc3 b5 8. Nxc6
dxc6 9. Bd3 Nf6 10. O-O O-O 11. Be3 Qc7 12. Qf3 Bb7 13. Rac1 Nd7 14. Bf4 e5 15.
Be3 Bc8 16. Qg3 Kh8 17. Be2 Rg8 18. Rfd1 Nf8 19. Rd2 Ne6 20. Bg4 Nf4 21. Rcd1
Bxg4 22. Qxg4 Bf6 23. Rd7 h5 24. Qf5 Rad8 25. Bxf4 exf4 26. Qxh5# 1-0

[Event "31.Alpenpokal Oberstdorf op"]
[Site "Tiefenbach (13.01.-21.01)"]
[Date "2005.01.15"]
[Round "3.1"]
[White "Van Baarle, C John"]
[Black "Boeven, Manfred"]
[Result "1-0"]
[WhiteElo "2198"]
[BlackElo "1993"]
[PlyCount "71"]
[EventDate "2005.01.??"]
[Source "ChessOrg"]
[SourceDate "2005.02.28"]

1. e4 c5 2. Nf3 e6 3. d4 cxd4 4. Nxd4 Nf6 5. Nc3 Nc6 6. Nxc6 bxc6 7. e5 Nd5 8.
Ne4 c5 9. a3 Qc7 10. f4 Bb7 11. Ng5 Be7 12. Qh5 g6 13. Qh6 Bxg5 14. Qxg5 f6 15.
exf6 O-O 16. Be2 Nxf6 17. O-O Be4 18. c4 d5 19. b4 cxb4 20. Bb2 Qf7 21. axb4
dxc4 22. Bxc4 Bd5 23. Bxd5 Nxd5 24. b5 Qf5 25. Qxf5 Rxf5 26. Be5 Rf7 27. Ra6
Rb7 28. Rxe6 Rxb5 29. Rd6 Rc8 30. Rd7 Ne3 31. Re1 Ng4 32. Rxa7 Rc2 33. Rd1 Rc8
34. h3 Ne3 35. Rg7+ Kf8 36. Rxh7 1-0

[Event "31.Alpenpokal Oberstdorf op"]
[Site "Tiefenbach (13.01.-21.01)"]
[Date "2005.01.15"]
[Round "3.2"]
[White "Koops, Randolf"]
[Black "Poffers, Adriaan"]
[Result "0-1"]
[WhiteElo "2122"]
[BlackElo "2253"]
[PlyCount "76"]
[EventDate "2005.01.??"]
[Source "ChessOrg"]
[SourceDate "2005.02.28"]

1. d4 Nf6 2. Nf3 d6 3. c4 Nbd7 4. Nc3 c6 5. e4 e5 6. d5 Be7 7. h3 a6 8. Be3 O-O
9. Be2 cxd5 10. cxd5 b5 11. b4 Nb6 12. O-O Bd7 13. Nxe5 dxe5 14. d6 Re8 15.
dxe7 Rxe7 16. Bc5 Re8 17. Qc2 Bc6 18. Rfd1 Qc7 19. Rd6 Rac8 20. Rad1 Nbd7 21.
f3 Nxc5 22. bxc5 Qa7 23. Nb1 Bb7 (23... Bxe4 24. fxe4 Rxc5 25. Rxa6 Rxc2+ 26.
Rxa7 Rxe2) 24. Rc1 Re7 25. Nd2 Ne8 26. Rd3 Nc7 27. Kh2 Ne6 28. Nb3 a5 29. Rd6
a4 30. c6 axb3 31. axb3 Ba6 32. Qa2 Qb6 33. Ra1 Ra7 34. Rad1 h6 35. Qc2 Nd4 36.
Qd2 Rxc6 37. Rxc6 Qxc6 38. f4 Qxe4 0-1

[Event "31.Alpenpokal Oberstdorf op"]
[Site "Tiefenbach (13.01.-21.01)"]
[Date "2005.01.15"]
[Round "3.3"]
[White "Josting, Friedel"]
[Black "Schlierkamp, Ferdinand"]
[Result "0-1"]
[WhiteElo "1869"]
[BlackElo "2089"]
[PlyCount "120"]
[EventDate "2005.01.??"]
[Source "ChessOrg"]
[SourceDate "2005.02.28"]

1. d4 d5 2. Nf3 c6 3. e3 Nf6 4. Bd3 e6 5. Nbd2 Nbd7 6. O-O c5 7. c3 a6 8. a4
Be7 9. Re1 b6 10. e4 dxe4 11. Nxe4 cxd4 12. Nxd4 Bb7 13. Qe2 O-O 14. Bd2 Nc5
15. Nxc5 bxc5 16. Nc2 Qd7 17. Bf4 Rfd8 18. Bc4 Qc6 19. f3 Rd7 20. Ne3 Rad8 21.
Ng4 Nxg4 22. fxg4 h6 23. Rf1 Bd6 24. Bxd6 Rxd6 25. Qf3 Qd7 26. Qf4 Rd2 27. Rf2
Rxf2 28. Qxf2 Qd2 29. Rf1 Qxf2+ 30. Rxf2 Rd1+ 31. Rf1 Rxf1+ 32. Kxf1 a5 33. Be2
Bc6 34. Bb5 Bd5 35. g3 g5 36. Ke2 Kg7 37. Kd3 Bb3 38. Ke3 Kf6 39. Be8 Ke7 40.
Bb5 Kd6 41. Be8 f6 42. Bb5 Ke5 43. Ke2 Kd5 44. Be8 Bc2 45. Bb5 Bb3 46. Bd7 Bc4+
47. Ke3 Ba6 48. Kd2 Bb7 49. Kd3 Kd6 50. Be8 Bf3 51. b4 cxb4 52. cxb4 axb4 53.
Kc4 Bxg4 54. Kxb4 e5 55. a5 Be2 56. Bb5 Bxb5 57. Kxb5 e4 58. Kc4 g4 59. Kd4 f5
60. a6 Kc6 0-1

[Event "31.Alpenpokal Oberstdorf op"]
[Site "Tiefenbach (13.01.-21.01)"]
[Date "2005.01.15"]
[Round "3.5"]
[White "Klempt, Guenter"]
[Black "Wempe, Juergen"]
[Result "0-1"]
[WhiteElo "1936"]
[BlackElo "2134"]
[PlyCount "68"]
[EventDate "2005.01.??"]
[Source "ChessOrg"]
[SourceDate "2005.02.28"]

1. d4 f5 2. c4 Nf6 3. Nc3 e6 4. g3 Be7 5. Bg2 O-O 6. Bg5 Nc6 7. e3 d6 8. Nge2
a6 9. O-O Rb8 10. Rb1 Na5 11. b3 b5 12. Qd3 b4 13. Na4 e5 14. Rfd1 e4 15. Qc2
Nh5 16. Bxe7 Qxe7 17. c5 d5 18. Rbc1 Nc6 19. Qd2 Bd7 20. Kh1 Rbe8 21. a3 a5 22.
Kg1 Kh8 23. axb4 axb4 24. Nb2 g5 25. Ra1 f4 26. gxf4 gxf4 27. Nxf4 Nxf4 28.
exf4 Rg8 29. Kh1 Rxg2 30. Kxg2 Qg7+ 31. Kh1 Bg4 32. Qe3 Bf3+ 33. Qxf3 exf3 34.
Rg1 Qxd4 0-1